LOGISTICKÁ PODPORA V NOVEJ STRATÉGII NATO

Bibliographic Details
Main Author: Gubáš, František (Author)
Format: Article
Language:Slovak

MARC

LEADER 00000nab a2200000 a 4500
001 vtls011132461
003 SK-MaSNL
005 20260303151037.0
008 230222|1999 xo |||||||||||||||||slo|
015 |a SNBRB 
035 |a (uuid)e87ae38a-1f90-4b6c-b718-040dcbc6e482 
035 |a (urnnbn)urn:nbn:sk:snk:ar-a09mni 
035 |a urn:nbn:sk:snk-abaaaj 
040 |a SNKBUCL  |b slo  |c SNKBUCL  |e AACR2 
041 0 |a slo 
044 |a xo  |c SK 
100 1 |a Gubáš, František  |4 aut  |9 44032 
245 1 0 |a LOGISTICKÁ PODPORA V NOVEJ STRATÉGII NATO  |c František Gubáš 
773 0 |t Zborník Vojenskej akadémie Slovenského národného povstania  |g Roč. 6, č. 2 (1999), s. 99-102 
954 |a odborná, vedecká literatúra pôvodná (slovenská)  |2 lita 
958 |a OND 
958 |a EUIPO 
958 |a article13 
999 |c 2015481  |d 2017411